La gracia en la locura (Record no. 187351)
[ view plain ]
| 000 -LEADER | |
|---|---|
| campo de control de longitud fija | 00924nam a2200229 i 4500 |
| 001 - NÚMERO DE CONTROL | |
| campo de control | 187351 |
| 003 - IDENTIFICADOR DE NÚMERO DE CONTROL | |
| campo de control | ES-MaACL |
| 005 - FECHA Y HORA DE LA ÚLTIMA TRANSACCIÓN | |
| campo de control | 20230906222907.0 |
| 008 - DATOS DE LONGITUD FIJA--INFORMACIÓN GENERAL | |
| campo de control de longitud fija | 170614s1943 sp f |||| |dspa d |
| 080 ## - NÚMERO DE LA CLASIFICACIÓN DECIMAL UNIVERSAL | |
| Número de la Clasificación Decimal Universal | 157.2:132.1(04) |
| 100 1# - ENTRADA PRINCIPAL--NOMBRE DE PERSONA | |
| Nombre de persona | García-Rodríguez, José María. |
| 9 (RLIN) | 163049 |
| 245 13 - MENCIÓN DEL TÍTULO | |
| Título | La gracia en la locura |
| Resto del título | : (enamorados, locos y bufones) / |
| Mención de responsabilidad, etc. | José Mª García Rodríguez ; [prólogo, Guillermo Díaz-Plaja]. |
| 260 ## - PUBLICACIÓN, DISTRIBUCIÓN, ETC. | |
| Lugar de publicación, distribución, etc. | Barcelona : |
| Nombre del editor, distribuidor, etc. | Olimpo, |
| Fecha de publicación, distribución, etc. | [1943] ( |
| Fabricante | Clarasó) |
| 300 ## - DESCRIPCIÓN FÍSICA | |
| Extensión | 206 p., [8] h. de lám. ; |
| Dimensiones | 23 cm. |
| 490 1# - MENCIÓN DE SERIE | |
| Mención de serie | Biblioteca pretérito |
| 504 ## - NOTA DE BIBLIOGRAFÍA, ETC. | |
| Nota de bibliografía, etc. | Bibliografía p. [201]-204. |
| 650 ## - PUNTO DE ACCESO ADICIONAL DE MATERIA--TÉRMINO DE MATERIA | |
| Término de materia o nombre geográfico como elemento de entrada | Enfermedades mentales- |
| Subdivisión general | En la literatura. |
| 9 (RLIN) | 12267 |
| 700 1# - ENTRADA AGREGADA--NOMBRE PERSONAL | |
| Nombre de persona | Díaz-Plaja, Guillermo, |
| Fechas asociadas al nombre | 1909-1984 |
| 9 (RLIN) | 162428 |
| 830 1# - PUNTO DE ACCESO ADICIONAL DE SERIE-TÍTULO UNIFORME | |
| Título uniforme | Biblioteca pretérito |
| 9 (RLIN) | 225559 |
| 852 ## - LOCALIZACIÓN | |
| Ubicación | ES-MaACL |
| Número de control de estantería | L-31704 |
| Nota libre | - Enc. cart. |
| -- | - Donat. herederos de la bibl. de Mª del Pilar Costa Palacín |
| Estatus retirado | Estado de pérdida | Estado de daño | No para préstamo | Biblioteca de origen | Biblioteca actual | Ubicación en estantería | Fecha de adquisición | Fuente de adquisición | Total de préstamos | Signatura topográfica completa | Código de barras | Visto por última vez | Precio de reemplazo | Tipo de ítem Koha |
|---|---|---|---|---|---|---|---|---|---|---|---|---|---|---|
| Biblioteca del Ateneo de Madrid | Biblioteca del Ateneo de Madrid | Depósito 2 | 14/06/2017 | L-31704 | 1197728 | 23/02/2023 | 23/02/2023 | Libro impreso |
